KOHA-Header-6

Internet of Things for Architects (Record no. 5886)

000 -LEADER
fixed length control field 00291nam a2200121Ia 4500
020 ## - INTERNATIONAL STANDARD BOOK NUMBER
ISBN 978-1-78847-059-9
100 ## - MAIN ENTRY--AUTHOR NAME
Personal name Perry Lea
245 #0 - TITLE STATEMENT
Title Internet of Things for Architects
260 ## - PUBLICATION, DISTRIBUTION, ETC. (IMPRINT)
Place of publication UK
Name of publisher Packet
Year of publication 2018
300 ## - PHYSICAL DESCRIPTION
Number of Pages 505
942 ## - ADDED ENTRY ELEMENTS (KOHA)
Koha item type Books
Holdings
Withdrawn status Lost status Collection code Permanent Location Current Location Shelving location Date acquired Full call number Accession Number Koha item type
    Computer Science MAJU MAJU Shelf No.A33 2019-09-15 004.67 9295 Computer Science

Powered by Koha